| 000 | 04317nam0a22003851 4500 | ||
|---|---|---|---|
| 001 | rc\3451047 | ||
| 005 | 20260406112811.0 | ||
| 021 |
_aRU _bРг8417-70 |
||
| 021 |
_aRU _b70-36192 |
||
| 035 | _a(NLR Aleph) 007881076 | ||
| 090 |
_a7918157 _c7918157 |
||
| 100 | _a20130115d1970 |||y0rusy50 ca | ||
| 101 | 0 | _arus | |
| 102 | _aRU | ||
| 105 | _ay z ||||| | ||
| 200 | 1 |
_aО произведениях В.И. Ленина _e[Сборник статей] _f[Под общ. ред. доц. кап. 1-го ранга З.В. Гребельского] _gВоен. ордена Ленина Краснознам. акад. бронетанковых войск им. Маршала Советского Союза Малиновского Р.Я. |
|
| 210 |
_aМосква _cБ. и. _d1970 |
||
| 215 |
_a143 с. _d22 |
||
| 327 | 1 | _aСодерж.: Глубоко и творчески овладевать ленинским идейным наследием / Г.П. Якимов. Книга В.И. Ленина "Что делать" / А.П. Булычев. О книге В.И. Ленина "Шаг вперед, два шага назад" / В.Е. Беликов. Книга В.И. Ленина "Две тактики социал-демократии в демократической революции" / С.В. Баранов. О произведении В.И. Ленина "Военная программа пролетарской революции" / З.В. Гребельский. О книге В.И. Ленина "Пролетарская революция и ренегат Каутский"; Последние речи, статьи и письма В.И. Ленина / И.А. Козырев. Книга В.И. Ленина "Детскамя болезнь левизны в коммунизме" / С.И. Смолицкий | |
| 464 | 0 |
_12001#$aО произведении В.И. Ленина "Военная программа пролетарской революции" _1700#1$aГребельский$bЗ.В. _tО произведении В.И. Ленина "Военная программа пролетарской революции" _aГребельский, З.В. |
|
| 464 | 0 |
_12001#$aКнига В.И. Ленина "Две тактики социал-демократии в демократической революции" _1700#1$aБаранов$bС.В. _tКнига В.И. Ленина "Две тактики социал-демократии в демократической революции" _aБаранов, С.В. |
|
| 464 | 0 |
_12001#$aКнига В.И. Ленина "Детская болезнь левизны в коммунизме" _1700#1$aСмолинский$bС.И. _tКнига В.И. Ленина "Детская болезнь левизны в коммунизме" _aСмолинский, С.И. |
|
| 464 | 0 |
_12001#$aПоследние речи, статьи и письма В.И. Ленина _1700#1$aКозырев$bИ.А. _tПоследние речи, статьи и письма В.И. Ленина _aКозырев, И.А. |
|
| 464 | 0 |
_12001#$aГлубоко и творчески овладевать ленинским идейным наследием _1700#1$aЯкимов$bГ.П. _tГлубоко и творчески овладевать ленинским идейным наследием _aЯкимов, Г.П. |
|
| 464 | 0 |
_12001#$aКнига В.И. Ленина "Что делать" _1700#1$aБулычев$bА.П. _tКнига В.И. Ленина "Что делать" _aБулычев, А.П. |
|
| 464 | 0 |
_12001#$aО книге В.И. Ленина "Шаг вперед, два шага назад" _1700#1$aБеликов$bВ.Е. _tО книге В.И. Ленина "Шаг вперед, два шага назад" _aБеликов, В.Е. |
|
| 532 | 1 | 0 | _aО произведениях Владимира Ильича Ленина |
| 702 | 1 |
_aГребальский _bЗ.В. _4340 |
|
| 702 | 1 |
_aЛенин _bВ.И. _f1870-1924 _gВладимир Ильич _4570 |
|
| 712 | 0 | 2 |
_aВоенная академия бронетанковых войск им. Р. Я. Малиновского _cМосква _3RU\NLR\AUTH\888666 _9289808 |
| 801 | 0 |
_aRU _bNLR _gpsbo |
|
| 801 | 1 |
_aRU _bELAR _2rusmarc |
|
| 852 |
_aNLR _j70-5/2038 |
||
| 942 | _cBOOK | ||
| 980 | _aNB | ||